000
00314nam a22001337a 4500
008
170301b xxu||||| |||| 00| 0 eng d
020
_a
0397512147
041
_a
eng
080
_2
4 ED
_a
616.8 006
100
_a
6
101
_a
SHM
245
_a
CANCER PRINCIPLES PRACTICE ONCOLOGY
_c
DEVITA.V.T
942
_2
udc
_c
BK
999
_c
6468
_d
6468